Whither rural India? / (Record no. 366)
[ view plain ]
| 000 -LEADER | |
|---|---|
| fixed length control field | 00487cam a22001811a 4500 |
| 001 - CONTROL NUMBER | |
| control field | 9416138 |
| 005 - DATE AND TIME OF LATEST TRANSACTION | |
| control field | 20240212002128.0 |
| 008 - FIXED-LENGTH DATA ELEMENTS--GENERAL INFORMATION | |
| fixed length control field | 741010s1959 ii ac b 000 0 eng |
| 040 ## - CATALOGING SOURCE (பட்டியலாக்க மூலம்) | |
| Original cataloging agency | DLC |
| Transcribing agency | VtU |
| Modifying agency | OCoLC |
| -- | WU |
| -- | DLC |
| 082 ## - DDC Classification | |
| DDC Edition Number | 22 |
| Class No. | 307.72. |
| Item Number - Author Mark | LAX. |
| 100 1# - MAIN ENTRY--PERSONAL NAME | |
| Personal name | Gowda, Laxmi Devi Male. |
| 245 10 - TITLE STATEMENT | |
| Title | Whither rural India? / |
| Statement of responsibility, etc. | With a foreword by K.M. Munshi. |
| 250 ## - EDITION STATEMENT | |
| Edition statement | [2d ed., rev. & enl.] |
| 260 ## - PUBLICATION, DISTRIBUTION, ETC. | |
| Place of publication, distribution, etc. | Bangalore, |
| Date of publication, distribution, etc. | 1959. |
| 300 ## - PHYSICAL DESCRIPTION | |
| Extent (e.g. Volumes, Pages etc.) | xv, 526 p. : |
| 650 #0 - SUBJECT ADDED ENTRY--TOPICAL TERM | |
| Topical term or geographic name entry element | Agriculture |
| 942 ## - Koha item type (Biblio) | |
| Koha item type | Books in Stacks (Lending) |
| Lost status | Damaged status | Collection code | Home library | Current library | Date acquired | Full call number | Accession Number | Item type |
|---|---|---|---|---|---|---|---|---|
| Lending | WERC Library | WERC Library | 02/12/2024 | 307.72. LAX. | 3191 | Books in Stacks (Lending) |
